000 01234cam a22003134a 4500
005 20160728151140.0
008 050726s2003 ve ab b 001 0 spa c
020 _a9806355032
040 _aAGL
_cAGL
_dDLC
041 _aspa
042 _apcc
044 _ave
082 0 0 _a581.987
_bL69l
245 0 0 _aLibro rojo de la flora venezolana /
_cSilvia LLamozas ... [et al.].
246 3 0 _aFlora venezolana
260 _aCaracas, Venezuela :
_bPROVITA :
_bFundación POLAR :
_bFundación Instituto Botánico de Venezuela "Dr. Tobías Lasser" :
_bConservación Internacional,
_c2003.
300 _a555 paginas. :
_bilustraciones, .mapas ;
_c29 x 21 cm.
504 _aIncludes bibliographical references (517-528) and index.
650 0 _aPlants
_zVenezuela.
_973632
650 4 _aFauna
_zVenezuela.
_973633
650 0 _aFisiografia
_zVenezuela
_973634
650 4 _aÁreas amenazadas
_zVenezuela
_973635
650 4 _aEndemismo
_948559
650 4 _aConservacion fauna
_zVenezuela
_973636
700 1 _aLlamozas, Silvia.
_922410
906 _a7
_bcbc
_cpccadap
_d2
_encip
_f20
_gy-gencatlg
942 _2ddc
_cLIBRO
999 _c4981
_d4981